| 000 | 00543nam a2200193Ia 4500 | ||
|---|---|---|---|
| 005 | 20250508161514.0 | ||
| 008 | 008 250505s9999 xx 000 0 eng d | ||
| 037 | _aTextual | ||
| 040 |
_aFEDL _beng _cFEDL |
||
| 041 |
_aeng _2eng |
||
| 084 |
_a329.954, RAJ _qFEDL |
||
| 100 | _aRajendra Prasad | ||
| 245 | 0 | _aConstructive programme: Some suggestions | |
| 260 |
_aAhmedabad, India _bNavjivan Prakashan Mandir _c1942 |
||
| 300 | _a32p | ||
| 650 | _aEconomics | ||
| 942 |
_cTEXL _h329.954, RAJ |
||
| 999 |
_c1370387 _d1370387 |
||